| 000 | 00898nam0a22002891 4500 | ||
|---|---|---|---|
| 001 | v19\rc\1967315 | ||
| 005 | 20251118181041.1 | ||
| 035 | _a(NLR Aleph) 005049861 | ||
| 090 |
_a6883019 _c6883019 |
||
| 100 | _a20080428d1914 u y0rusy50 ca | ||
| 101 | 0 | _arus | |
| 102 | _aRU | ||
| 105 | _ay c ||||| | ||
| 200 | 1 |
_aВолостной и верхний сельский суд _eС прил. предм. алф. указ. _fР.А. Брейтбурд |
|
| 205 | _aНеофиц. изд. | ||
| 210 |
_aМосква _cЮрид. кн. маг. "Право" Ф.В. Бусыгина _d1914 |
||
| 215 |
_a109 с. _d20 |
||
| 700 | 1 |
_aБрейтбурд _bР.А. |
|
| 801 | 0 |
_aRU _bNLR _gpsbo |
|
| 801 | 0 |
_aRU _bRuMoRGB _2psbo |
|
| 801 | 1 |
_aRU _bProSoft-M _2rusmarc |
|
| 852 |
_aNLR _j37.38.7.62 |
||
| 899 |
_aRuMoRGB _jV 332/692 |
||
| 899 | _aБАН | ||
| 899 |
_aRuMoRGB _jV 11/64 |
||
| 942 | _cBOOK | ||
| 980 | _aNB | ||